La revolución española : (Record no. 105625)

MARC details
000 -LEADER
campo de control de longitud fija 01016nam a2200289 i 4500
001 - NÚMERO DE CONTROL
campo de control 105625
003 - IDENTIFICADOR DE NÚMERO DE CONTROL
campo de control ES-MaACL
005 - FECHA Y HORA DE LA ÚLTIMA TRANSACCIÓN
campo de control 20250818071043.0
007 - CAMPO FIJO DE DESCRIPCIÓN FÍSICA--INFORMACIÓN GENERAL
campo de control de longitud fija t|
008 - DATOS DE LONGITUD FIJA--INFORMACIÓN GENERAL
campo de control de longitud fija 060728q1960 xxr ||||1| spa d
080 ## - NÚMERO DE LA CLASIFICACIÓN DECIMAL UNIVERSAL
Número de la Clasificación Decimal Universal 32(460)"18"
080 ## - NÚMERO DE LA CLASIFICACIÓN DECIMAL UNIVERSAL
Número de la Clasificación Decimal Universal 323.272(460)"18"
080 ## - NÚMERO DE LA CLASIFICACIÓN DECIMAL UNIVERSAL
Número de la Clasificación Decimal Universal 323.272(460)"18" 94(460)"18"
100 1# - ENTRADA PRINCIPAL--NOMBRE DE PERSONA
Nombre de persona Marx, Karl,
Fechas asociadas al nombre 1818-1883
9 (RLIN) 78590
Término indicativo de función/relación Autor
245 13 - MENCIÓN DEL TÍTULO
Título La revolución española :
Resto del título artículos y crónicas 1854-1873 /
Mención de responsabilidad, etc. C. Marx, F. Engels.
260 ## - PUBLICACIÓN, DISTRIBUCIÓN, ETC.
Lugar de publicación, distribución, etc. Moscú :
Nombre del editor, distribuidor, etc. Ediciones en Lenguas Extranjeras,
Fecha de publicación, distribución, etc. [ca. 1960]
300 ## - DESCRIPCIÓN FÍSICA
Extensión 242 páginas ;
Dimensiones 21 cm.
500 ## - NOTA GENERAL
Nota general Biblioteca Juan Andrade
650 #4 - PUNTO DE ACCESO ADICIONAL DE MATERIA--TÉRMINO DE MATERIA
Término de materia o nombre geográfico como elemento de entrada Revoluciones-
Subdivisión geográfica España-
Subdivisión cronológica S.XIX
9 (RLIN) 16900
651 #4 - PUNTO DE ACCESO ADICIONAL DE MATERIA--NOMBRE GEOGRÁFICO
Nombre geográfico España-
Subdivisión general Política y gobierno-
Subdivisión cronológica S.XIX
9 (RLIN) 161744
651 #7 - PUNTO DE ACCESO ADICIONAL DE MATERIA--NOMBRE GEOGRÁFICO
Nombre geográfico España-
Subdivisión general Historia-
Subdivisión cronológica S.XIX
9 (RLIN) 142005
700 1# - ENTRADA AGREGADA--NOMBRE PERSONAL
Nombre de persona Engels, Friedrich.
9 (RLIN) 47225
Término indicativo de función/relación Autor
852 ## - LOCALIZACIÓN
Ubicación ES-MaACL
Número de control de estantería AND-440
Sublocalización o colección R.109744
Ubicación en estantería Depósito 2
Donativo/Legado Biblioteca Juan Andrade
942 ## - ELEMENTOS DE ENTRADA SECUNDARIOS (KOHA)
Fuente del sistema de clasificación o colocación Clasificación decimal universal
Tipo de ítem Koha Libro impreso
Suprimir en OPAC No
Holdings
Estatus retirado Estado de pérdida Fuente del sistema de clasificación o colocación Estado de daño No para préstamo Biblioteca de origen Biblioteca actual Ubicación en estantería Fecha de adquisición Fuente de adquisición Total de préstamos Signatura topográfica completa Código de barras Visto por última vez Tipo de ítem Koha
    Clasificación decimal universal     Biblioteca del Ateneo de Madrid Biblioteca del Ateneo de Madrid Depósito 2 17/01/2008 Donación   AND-440 1110276 23/02/2023 Libro impreso